[Event "POL-ch"]
[Site "Poznan POL"]
[Date "2016.03.30"]
[Round "1.1"]
[White "Piorun, Kacper"]
[Black "Kanarek, Marcel"]
[Result "1-0"]
[WhiteElo "2655"]
[BlackElo "2532"]
[EventDate "2016.03.30"]
[PlyCount "89"]

1.c4 Nf6 2.g3 g6 3.Bg2 Bg7 4.Nc3 d6 5.e4 c5 6.Nge2 Nc6 7.d3 O-O 8.O-O Ne8 
9.Be3 Nc7 10.d4 cxd4 11.Nxd4 Bd7 12.f4 a5 13.Ndb5 Ne6 14.Rc1 f5 15.exf5 
gxf5 16.Rf2 b6 17.Rd2 Rb8 18.Nxd6 exd6 19.Rxd6 Ncd4 20.Bxd4 Nxd4 21.Rxd4 
Bxd4+ 22.Qxd4 Be6 23.Nd5 h6 24.Re1 Bxd5 25.Bxd5+ Kh7 26.Re6 Re8 27.Rd6 
Re1+ 28.Kg2 Qxd6 29.Bg8+ Rxg8 30.Qxd6 Rge8 31.Qf6 R1e2+ 32.Kh3 R2e6 33.
Qf7+ Kh8 34.a4 R8e7 35.Qxf5 Kg7 36.c5 Rf6 37.Qd5 bxc5 38.Qxc5 Rb7 39.Qxa5 
Rxb2 40.Qc7+ Kg8 41.a5 Rf7 42.Qd8+ Rf8 43.Qd5+ Kh7 44.Qe4+ Kg8 45.Qg6+ 1-0

[Event "POL-ch"]
[Site "Poznan POL"]
[Date "2016.03.30"]
[Round "1.2"]
[White "Klekowski, Maciej"]
[Black "Wojtaszek, Radoslaw"]
[Result "0-1"]
[WhiteElo "2432"]
[BlackElo "2713"]
[EventDate "2016.03.30"]
[PlyCount "96"]

1.d4 d5 2.Nf3 Nf6 3.c4 c6 4.e3 Bf5 5.Nc3 e6 6.Bd3 Bxd3 7.Qxd3 Nbd7 8.O-O 
Bb4 9.Bd2 a5 10.Ne2 Bd6 11.Nc3 Bb4 12.Ne2 Be7 13.Nc3 O-O 14.e4 Nc5 15.dxc5
dxe4 16.Qe3 exf3 17.Rfd1 fxg2 18.Na4 Qb8 19.h3 Rd8 20.Bc3 Rxd1+ 21.Rxd1 
Qf8 22.Bxf6 Bxf6 23.Rd7 Rb8 24.Kxg2 Qe8 25.Nb6 Rd8 26.Rxb7 Bxb2 27.Rc7 f5 
28.Qf3 Be5 29.Rxc6 h6 30.Kf1 Kh7 31.h4 h5 32.Nd5 exd5 33.cxd5 Qd7 34.Re6 
Bb8 35.Qxf5+ Kg8 36.d6 Rf8 37.Qg6 Qb5+ 38.Re2 Qxc5 39.d7 Bc7 40.Qe6+ Kh8 
41.Qg6 Bd8 42.Qg3 Qd5 43.Re5 Qxd7 44.Rxh5+ Kg8 45.Qb3+ Qf7 46.Kg2 Qxb3 47.
axb3 Rf4 48.Rd5 Bb6 0-1

[Event "POL-ch"]
[Site "Poznan POL"]
[Date "2016.03.30"]
[Round "1.4"]
[White "Swiercz, Dariusz"]
[Black "Dragun, Kamil"]
[Result "1/2-1/2"]
[WhiteElo "2665"]
[BlackElo "2594"]
[EventDate "2016.03.30"]
[PlyCount "113"]

1.d4 Nf6 2.c4 g6 3.Nc3 d5 4.cxd5 Nxd5 5.e4 Nxc3 6.bxc3 Bg7 7.Be3 O-O 8.Qd2
c5 9.Rc1 Qa5 10.Nf3 Bg4 11.d5 Nd7 12.c4 Qa3 13.Ng5 Nb6 14.h3 Bd7 15.Bd3 
Na4 16.O-O Rac8 17.f4 b5 18.e5 bxc4 19.Bxc4 Nb6 20.Rfe1 Rfd8 21.Qf2 Nxc4 
22.Rxc4 Qd3 23.Rxc5 Rxc5 24.Bxc5 Qxd5 25.Bxe7 Re8 26.Bd6 Bf5 27.Nf3 Rc8 
28.Re2 a5 29.Rd2 Qe4 30.Qd4 Qc6 31.Kh2 h6 32.Qe3 Qc1 33.Nd4 Rc3 34.Qf2 Bc8
35.Rc2 Rxc2 36.Nxc2 Qb2 37.Qc5 Bb7 38.Qc4 Qc1 39.e6 fxe6 40.Qxe6+ Kh7 41.
Ne3 Qc6 42.Qe7 Kg8 43.Be5 Bf8 44.Qd8 a4 45.Qd2 Qe6 46.Ng4 h5 47.Nf6+ Kf7 
48.Qb2 Qc6 49.Nh7 Be7 50.Ng5+ Bxg5 51.fxg5 Qe4 52.Bc7 Qc6 53.Qf2+ Ke8 54.
Bf4 Qe4 55.Bd6 Kd7 56.Qd2 Qd5 57.Bb4 1/2-1/2

[Event "POL-ch"]
[Site "Poznan POL"]
[Date "2016.03.30"]
[Round "1.5"]
[White "Gajewski, Grzegorz"]
[Black "Bartel, Mateusz"]
[Result "1/2-1/2"]
[WhiteElo "2633"]
[BlackElo "2625"]
[EventDate "2016.03.30"]
[PlyCount "97"]

1.Nf3 d5 2.g3 e6 3.Bg2 b5 4.O-O Bb7 5.d3 Be7 6.e4 dxe4 7.dxe4 Qxd1 8.Rxd1 
Nf6 9.Nd4 Bxe4 10.Nxb5 Na6 11.Bxe4 Nxe4 12.Be3 Nd6 13.N1a3 Nf5 14.Bf4 c6 
15.Nd6+ Nxd6 16.Bxd6 Rd8 17.Nc4 Bxd6 18.Nxd6+ Ke7 19.Nc4 Rd5 20.Ne3 Rdd8 
21.Kf1 Nc5 22.Ke2 Na4 23.Rd3 Rxd3 24.cxd3 Rb8 25.b3 Nc3+ 26.Kd2 Nd5 27.Nc4
f6 28.Rc1 Rb5 29.d4 c5 30.dxc5 Rxc5 31.Ne3 Kd6 32.Nc4+ Ke7 33.h4 h5 34.a3 
g5 35.Rh1 g4 36.Rc1 f5 37.Ne3 Rb5 38.b4 Nxe3 39.Kxe3 a5 40.Rb1 axb4 41.
axb4 Re5+ 42.Kd3 Kd6 43.Rb2 Re4 44.b5 Kc7 45.b6+ Kb7 46.Rb5 Re1 47.Kd2 Re4
48.Kd3 Re1 49.Kd2 1/2-1/2

[Event "POL-ch"]
[Site "Poznan POL"]
[Date "2016.03.31"]
[Round "2.2"]
[White "Dragun, Kamil"]
[Black "Gajewski, Grzegorz"]
[Result "1/2-1/2"]
[WhiteElo "2594"]
[BlackElo "2633"]
[EventDate "2016.03.30"]
[PlyCount "89"]

1.e4 e5 2.Nf3 Nc6 3.Bc4 Bc5 4.c3 Nf6 5.d3 d6 6.O-O a6 7.a4 Ba7 8.Na3 O-O 
9.Bg5 h6 10.Bh4 g5 11.Bg3 Bg4 12.Nc2 d5 13.exd5 Nxd5 14.d4 exd4 15.cxd4 
Bh5 16.Ra3 Kh8 17.Qd2 f5 18.Be5+ Nxe5 19.Nxe5 Kg7 20.Rg3 f4 21.Rh3 Be8 22.
Qd3 Nf6 23.Qb3 b5 24.axb5 axb5 25.Be2 Bxd4 26.Rd3 Bxe5 27.Rxd8 Rxd8 28.Re1
Bf7 29.Qxb5 Rfe8 30.Bf3 Bd6 31.Rxe8 Rxe8 32.g4 Re5 33.Qa4 Be8 34.Qa7 h5 
35.h3 hxg4 36.hxg4 Bd7 37.Qd4 Nxg4 38.Bxg4 Bxg4 39.Ne1 Kg6 40.Nd3 Re8 41.
b4 Bf3 42.b5 Kf5 43.b6 Re7 44.bxc7 Bxc7 45.Qc5+ 1/2-1/2

[Event "POL-ch"]
[Site "Poznan POL"]
[Date "2016.03.31"]
[Round "2.3"]
[White "Piorun, Kacper"]
[Black "Klekowski, Maciej"]
[Result "0-1"]
[WhiteElo "2655"]
[BlackElo "2432"]
[EventDate "2016.03.30"]
[PlyCount "114"]

1.Nf3 Nf6 2.c4 e6 3.g3 d5 4.b3 Be7 5.Bg2 O-O 6.O-O c5 7.e3 b5 8.cxb5 a6 9.
b6 Qxb6 10.Nc3 Nc6 11.Na4 Qa7 12.Bb2 Bd7 13.d4 cxd4 14.Nxd4 Na5 15.Nc3 
Rab8 16.Rc1 Rfd8 17.Qd2 Qb6 18.f4 Nb7 19.Bf3 Nc5 20.Ba1 a5 21.Qg2 a4 22.
bxa4 Nxa4 23.Nxa4 Bxa4 24.g4 Ba3 25.Rce1 Qa5 26.g5 Ne8 27.Kh1 Bb4 28.Rb1 
Bc3 29.Bxc3 Qxc3 30.Qe2 Nd6 31.Rxb8 Rxb8 32.Qa6 Qc4 33.Be2 Qxa6 34.Bxa6 
Rb2 35.a3 h6 36.g6 fxg6 37.Nxe6 Bc2 38.Be2 Nc4 39.Re1 Be4+ 40.Kg1 Nxe3 41.
Kf2 Ng2 42.Ra1 Bd3 43.Nd4 Bxe2 44.Kxg2 Ba6+ 45.Kg3 Rd2 46.Nc6 Bb7 47.Ne5 
d4 48.Rb1 Be4 49.Rb8+ Kh7 50.h4 Rg2+ 51.Kh3 Ra2 52.Rb3 Rc2 53.Rb4 Bf5+ 54.
Kg3 d3 55.Kf3 Rh2 56.Kg3 d2 57.Rd4 Rh3+ 0-1

[Event "POL-ch"]
[Site "Poznan POL"]
[Date "2016.03.31"]
[Round "2.4"]
[White "Kanarek, Marcel"]
[Black "Bartel, Mateusz"]
[Result "1/2-1/2"]
[WhiteElo "2532"]
[BlackElo "2625"]
[EventDate "2016.03.30"]
[PlyCount "60"]

1.d4 d5 2.c4 c6 3.cxd5 cxd5 4.Nc3 Nc6 5.e4 Nf6 6.e5 Ng8 7.Nf3 Bg4 8.Be2 e6
9.O-O Nge7 10.Be3 Nf5 11.Qd2 Bb4 12.h3 Bxf3 13.Bxf3 O-O 14.Qd3 Bxc3 15.
bxc3 Rc8 16.Bd1 Qc7 17.Bd2 Na5 18.Bc2 Nc4 19.Bc1 Nb6 20.Ba3 Qxc3 21.Bxf8 
Nxd4 22.Bb4 Qxb4 23.Qxh7+ Kf8 24.Bd3 Rc3 25.Rad1 g6 26.Qh8+ Ke7 27.Qh4+ 
Kf8 28.Qh8+ Ke7 29.Qg7 Ke8 30.Qh8+ Ke7 1/2-1/2

[Event "POL-ch"]
[Site "Poznan POL"]
[Date "2016.03.31"]
[Round "2.5"]
[White "Wojtaszek, Radoslaw"]
[Black "Tomczak, Jacek"]
[Result "1-0"]
[WhiteElo "2713"]
[BlackElo "2603"]
[EventDate "2016.03.30"]
[PlyCount "79"]

1.d4 Nf6 2.c4 e6 3.Nf3 b6 4.Nc3 Bb4 5.e3 Bb7 6.Bd3 O-O 7.O-O c5 8.Na4 cxd4
9.exd4 Re8 10.a3 Bf8 11.b4 d6 12.Re1 Nbd7 13.Bb2 Rc8 14.Nc3 g6 15.Bf1 a6 
16.Nd2 Nh5 17.Nb3 Bg7 18.a4 f5 19.a5 Qg5 20.Bc1 Qh4 21.axb6 Nxb6 22.g3 Qd8
23.Na5 Ba8 24.Ra3 Nf6 25.c5 Nbd5 26.Nxd5 Nxd5 27.Nc4 dxc5 28.bxc5 Bf8 29.
Rxa6 Nc7 30.Rd6 Bxd6 31.Nxd6 Qd7 32.Bf4 Nd5 33.Be5 Bc6 34.Qd2 Rf8 35.Nxc8 
Rxc8 36.Rb1 Nc7 37.Bc4 Bd5 38.Bxd5 Nxd5 39.Qa5 Ne7 40.Qa6 1-0

[Event "POL-ch"]
[Site "Poznan POL"]
[Date "2016.04.01"]
[Round "3.1"]
[White "Klekowski, Maciej"]
[Black "Kanarek, Marcel"]
[Result "1/2-1/2"]
[WhiteElo "2432"]
[BlackElo "2532"]
[EventDate "2016.03.30"]
[PlyCount "107"]

1.c4 g6 2.Nc3 Bg7 3.g3 e5 4.Bg2 Ne7 5.e4 Nbc6 6.Nge2 d6 7.d3 O-O 8.O-O Nd4
9.Nxd4 exd4 10.Ne2 a5 11.h3 Bd7 12.g4 b5 13.b3 bxc4 14.bxc4 Nc6 15.Bf4 Nb4
16.Qd2 Re8 17.Bg5 Qc8 18.Rae1 Rb8 19.f4 Ba4 20.Rc1 f5 21.gxf5 gxf5 22.Ng3 
Bd7 23.Nh5 Bc6 24.Bf6 Bxf6 25.Nxf6+ Kf7 26.Nxe8 Kxe8 27.a3 Na6 28.Qf2 Nc5 
29.Qxd4 Kf7 30.Rb1 Nb3 31.Qc3 a4 32.e5 Qg8 33.Rb2 Qg3 34.Qe1 Rg8 35.e6+ 
Ke7 36.Qxg3 Rxg3 37.Kh2 Bxg2 38.Rxg2 Rxd3 39.Rg7+ Kxe6 40.Re1+ Kf6 41.Ree7
Rd2+ 42.Kg3 Rd3+ 43.Kh4 Rf3 44.Ref7+ Ke6 45.Rxc7 Nc5 46.Rce7+ Kf6 47.Rxh7 
Ne4 48.Rhf7+ Kg6 49.Rg7+ Kh6 50.Rh7+ Kg6 51.Rhg7+ Kh6 52.Rh7+ Kg6 53.Reg7+
Kf6 54.Rf7+ 1/2-1/2

[Event "POL-ch"]
[Site "Poznan POL"]
[Date "2016.04.01"]
[Round "3.2"]
[White "Bartel, Mateusz"]
[Black "Dragun, Kamil"]
[Result "1/2-1/2"]
[WhiteElo "2625"]
[BlackElo "2594"]
[EventDate "2016.03.30"]
[PlyCount "70"]

1.Nf3 Nf6 2.c4 g6 3.Nc3 d5 4.cxd5 Nxd5 5.Qc2 Bg7 6.e4 Nb4 7.Qa4+ N8c6 8.d4
Bd7 9.Qb3 Bxd4 10.Nd5 Be6 11.Bc4 a5 12.Nxb4 axb4 13.Bxe6 fxe6 14.Bh6 Qd6 
15.Rd1 O-O-O 16.O-O Rhg8 17.g3 e5 18.Ng5 Rde8 19.Nf7 Qc5 20.Rc1 Qb6 21.Ng5
Kb8 22.Ne6 Rc8 23.Be3 Na5 24.Qd5 Bxe3 25.fxe3 Qxe3+ 26.Kg2 Nc6 27.Rxc6 
bxc6 28.Qxc6 Qb6 29.Qd5 c5 30.Rd1 Qd6 31.Qc4 Qxd1 32.Qb5+ Ka7 33.Qa5+ Kb7 
34.Qb5+ Ka7 35.Qa5+ Kb7 1/2-1/2

[Event "POL-ch"]
[Site "Poznan POL"]
[Date "2016.04.01"]
[Round "3.3"]
[White "Swiercz, Dariusz"]
[Black "Wojtaszek, Radoslaw"]
[Result "1/2-1/2"]
[WhiteElo "2665"]
[BlackElo "2713"]
[EventDate "2016.03.30"]
[PlyCount "140"]

1.e4 c5 2.Nf3 d6 3.d4 cxd4 4.Nxd4 Nf6 5.Nc3 a6 6.Be3 e5 7.Nb3 Be6 8.h3 Be7
9.f4 exf4 10.Bxf4 Nc6 11.Qe2 Nd7 12.O-O-O Nce5 13.Kb1 O-O 14.g4 Rc8 15.Qe3
Re8 16.Nd4 Qa5 17.Qe1 Bf8 18.g5 b5 19.Nxe6 fxe6 20.h4 Nb6 21.Ne2 Qxe1 22.
Rxe1 Nbd7 23.Bc1 g6 24.Nf4 Bg7 25.Bh3 Nf8 26.Rd1 Rc6 27.Rhf1 Ned7 28.Nd3 
Rc4 29.Nf2 Rec8 30.Rxd6 Nc5 31.Rfd1 Na4 32.Rd8 R8c6 33.Nd3 Kf7 34.c3 Rc8 
35.Rxc8 Rxc8 36.Be3 Ke7 37.Nb4 Nd7 38.Nxa6 Bxc3 39.b3 Nb2 40.Rc1 Nd3 41.
Rc2 Ne1 42.Bc5+ Rxc5 43.Nxc5 Nxc2 44.Kxc2 Be1 45.Nxe6 Ne5 46.h5 gxh5 47.
Bf5 Nf7 48.Nf4 Nxg5 49.Nxh5 Kd6 50.Nf6 h6 51.a4 bxa4 52.bxa4 Nf3 53.Bg4 
Ne5 54.Bh5 Kc5 55.Ng4 Nxg4 56.Bxg4 Kb4 57.Bd7 Bg3 58.Kd3 Be5 59.Ke3 h5 60.
Kf3 h4 61.Kg4 Bg3 62.Bc6 Ka5 63.Bb5 Kb4 64.Bd7 Ka5 65.Bc6 Kb4 66.Kf5 h3 
67.e5 Bxe5 68.Kxe5 h2 69.Kd4 h1=Q 70.Bxh1 Kxa4 1/2-1/2

[Event "POL-ch"]
[Site "Poznan POL"]
[Date "2016.04.01"]
[Round "3.4"]
[White "Tomczak, Jacek"]
[Black "Piorun, Kacper"]
[Result "1/2-1/2"]
[WhiteElo "2603"]
[BlackElo "2655"]
[EventDate "2016.03.30"]
[PlyCount "173"]

1.e4 e5 2.Nf3 Nc6 3.Bb5 a6 4.Ba4 Nf6 5.O-O Be7 6.Re1 b5 7.Bb3 d6 8.c3 O-O 
9.h3 Nb8 10.d4 Nbd7 11.c4 c6 12.a3 bxc4 13.Bxc4 Nxe4 14.dxe5 d5 15.Ba2 
Ndc5 16.Qc2 a5 17.Nd4 Qb6 18.Be3 Bg5 19.f4 Be7 20.Nc3 Nxc3 21.bxc3 Ba6 22.
c4 Rfc8 23.Nf5 Qd8 24.Qd1 Bf8 25.cxd5 cxd5 26.Bxd5 Nd3 27.Bxa8 Nxe1 28.
Qxd8 Rxd8 29.Be4 Nd3 30.Bb6 Rb8 31.Bxa5 Nxf4 32.Nd6 Nd3 33.Bc3 Rb3 34.Bd4 
Nf4 35.Kh2 Ne6 36.Bf2 g6 37.Rb1 Rxa3 38.Rb8 Bd3 39.Bc6 Ra6 40.Rc8 Kg7 41.
Ne8+ Kg8 42.Be3 h5 43.Bd5 Kh7 44.Nf6+ Kg7 45.h4 Bb5 46.Rb8 Bd3 47.Ne8+ Kh7
48.Rb7 Kg8 49.Nc7 Bg7 50.Nxa6 Bxe5+ 51.g3 Bxa6 52.Ra7 Bd3 53.Bxe6 fxe6 54.
Kg2 Be4+ 55.Kf2 Bd5 56.Bc5 Bc6 57.Re7 Bd5 58.Be3 Bd6 59.Rd7 Be5 60.Bf4 
Bd4+ 61.Ke2 Bc4+ 62.Kd2 Bd5 63.Kd3 Bf6 64.Be3 Be5 65.Bf4 Bf6 66.Ke3 Bb2 
67.Rc7 e5 68.Bg5 Bd4+ 69.Ke2 e4 70.Be3 Bf6 71.Bf4 Bd4 72.Kd2 Be6 73.Be3 
Bf6 74.Bg5 Bd4 75.Be3 Bf6 76.Bf4 Bd4 77.Re7 Bf5 78.Ke2 Bg4+ 79.Ke1 Bf5 80.
Be5 Kf8 81.Bd6 Kg8 82.Kd2 e3+ 83.Ke2 Bg4+ 84.Kd3 Bb6 85.Be5 e2 86.Bd4 Bd8 
87.Rxe2 1/2-1/2

[Event "POL-ch"]
[Site "Poznan POL"]
[Date "2016.04.02"]
[Round "4.1"]
[White "Kanarek, Marcel"]
[Black "Dragun, Kamil"]
[Result "1/2-1/2"]
[WhiteElo "2532"]
[BlackElo "2594"]
[EventDate "2016.03.30"]
[PlyCount "45"]

1.e4 e5 2.Nf3 Nc6 3.Bb5 a6 4.Ba4 Nf6 5.O-O Be7 6.Re1 b5 7.Bb3 d6 8.c3 O-O 
9.h3 Bb7 10.d3 Re8 11.Nbd2 Bf8 12.Nf1 h6 13.Ne3 Qd7 14.Nh4 Na5 15.Bc2 d5 
16.Qf3 Qc6 17.Nef5 dxe4 18.dxe4 g5 19.Qg3 Nh5 20.Qg4 Nf6 21.Qg3 Nh5 22.Qg4
Nf6 23.Qg3 1/2-1/2

[Event "POL-ch"]
[Site "Poznan POL"]
[Date "2016.04.02"]
[Round "4.2"]
[White "Wojtaszek, Radoslaw"]
[Black "Gajewski, Grzegorz"]
[Result "1-0"]
[WhiteElo "2713"]
[BlackElo "2633"]
[EventDate "2016.03.30"]
[PlyCount "115"]

1.d4 Nf6 2.c4 e6 3.Nc3 Bb4 4.Nf3 b6 5.Qc2 Bb7 6.a3 Bxc3+ 7.Qxc3 O-O 8.Bg5 
d6 9.Nd2 Nbd7 10.f3 h6 11.Bh4 c5 12.e3 Re8 13.dxc5 dxc5 14.Qc2 e5 15.Be2 
Nf8 16.O-O-O Ng6 17.Bf2 Qc7 18.Bg3 Rad8 19.Nb1 Nh5 20.Nc3 Nxg3 21.hxg3 Qe7
22.Qf5 Rxd1+ 23.Rxd1 Rd8 24.Nd5 Bxd5 25.Rxd5 Rxd5 26.cxd5 Qg5 27.Qd3 Qxg3 
28.d6 e4 29.Qd1 Nf8 30.d7 Nxd7 31.Qxd7 Qe1+ 32.Qd1 Qf2 33.fxe4 Qxg2 34.Bc4
Qf2 35.Qd2 Qxd2+ 36.Kxd2 Kf8 37.e5 Ke7 38.Kd3 h5 39.Ke4 h4 40.Kf4 f6 41.
Kg4 g5 42.Bd5 b5 43.Kf5 fxe5 44.Kxg5 h3 45.Kg4 Kd6 46.Be4 h2 47.Kg3 c4 48.
Kxh2 Kc5 49.Kg3 b4 50.axb4+ Kxb4 51.Kf3 Kb3 52.Bd5 Kxb2 53.Bxc4 a5 54.Bb5 
Kc3 55.Ke4 Kd2 56.Ba4 Ke2 57.Bc6 Kd2 58.Bb5 1-0

[Event "POL-ch"]
[Site "Poznan POL"]
[Date "2016.04.02"]
[Round "4.4"]
[White "Klekowski, Maciej"]
[Black "Tomczak, Jacek"]
[Result "1/2-1/2"]
[WhiteElo "2432"]
[BlackElo "2603"]
[EventDate "2016.03.30"]
[PlyCount "81"]

1.d4 Nf6 2.c4 e6 3.Nf3 b6 4.g3 Bb4+ 5.Bd2 Bxd2+ 6.Qxd2 Ba6 7.b3 c6 8.Bg2 
d5 9.O-O Nbd7 10.Qc2 O-O 11.Nbd2 c5 12.dxc5 Nxc5 13.Rfd1 Qe7 14.Rac1 Rfd8 
15.Ne5 Rac8 16.Qb2 Bb7 17.b4 Ncd7 18.Nxd7 Rxd7 19.cxd5 Rxc1 20.Rxc1 Nxd5 
21.a3 Rc7 22.Nb3 Rxc1+ 23.Qxc1 Qd7 24.Nd2 Ne7 25.Bxb7 Qxb7 26.Nf3 f6 27.
Qc2 Qc6 28.Qxc6 Nxc6 29.Kf1 Kf7 30.e4 e5 31.Ke2 b5 32.Kd3 Ke6 33.Kc3 g5 
34.g4 Kd7 35.Kd3 Ke6 36.Kc3 Kd7 37.Kd3 Ke6 38.Kc3 Kd7 39.Kd3 Ke6 40.Kc3 
Kd7 41.Kd3 1/2-1/2

[Event "POL-ch"]
[Site "Poznan POL"]
[Date "2016.04.03"]
[Round "5.2"]
[White "Bartel, Mateusz"]
[Black "Wojtaszek, Radoslaw"]
[Result "1-0"]
[WhiteElo "2625"]
[BlackElo "2713"]
[EventDate "2016.03.30"]
[PlyCount "116"]

1.e4 c5 2.Nf3 d6 3.d4 cxd4 4.Nxd4 Nf6 5.Nc3 a6 6.Nb3 e6 7.g4 b5 8.Bg2 Bb7 
9.g5 b4 10.Nd5 Nxd5 11.exd5 e5 12.a3 Be7 13.axb4 Bxg5 14.Na5 Bc8 15.Bxg5 
Qxg5 16.Qf3 O-O 17.Qg3 Qe7 18.O-O-O f5 19.f4 e4 20.h4 Nd7 21.Bf1 Nf6 22.
Qe3 Bd7 23.Be2 Be8 24.h5 h6 25.Rh3 Kh7 26.Qd4 Bf7 27.c4 Qd7 28.Kb1 Qe8 29.
Rdh1 Rg8 30.Nc6 Qd7 31.Rg1 Qb7 32.Qd2 Be8 33.Nd4 Rb8 34.Rhg3 Qxb4 35.Qxb4 
Rxb4 36.Nxf5 Nxh5 37.Bxh5 Bxh5 38.Rxg7+ Rxg7 39.Rxg7+ Kh8 40.Rc7 Be2 41.
Nxd6 Bd3+ 42.Ka2 e3 43.b3 Bc2 44.Re7 Bxb3+ 45.Ka3 a5 46.Nb7 Bd1 47.d6 Ra4+
48.Kb2 Bg4 49.c5 e2 50.c6 Rd4 51.f5 Bxf5 52.Rxe2 Kg7 53.d7 Bxd7 54.Re7+ 
Kf6 55.Rxd7 Rc4 56.Rd6+ Ke5 57.Rxh6 a4 58.Na5 Kd5 1-0

[Event "POL-ch"]
[Site "Poznan POL"]
[Date "2016.04.03"]
[Round "5.3"]
[White "Swiercz, Dariusz"]
[Black "Klekowski, Maciej"]
[Result "0-1"]
[WhiteElo "2665"]
[BlackElo "2432"]
[EventDate "2016.03.30"]
[PlyCount "126"]

1.e4 c5 2.Nf3 e6 3.d4 cxd4 4.Nxd4 Nc6 5.Nc3 a6 6.Nxc6 bxc6 7.Bd3 d5 8.O-O 
Nf6 9.Re1 Bb7 10.Qf3 Be7 11.Qh3 h5 12.Bg5 Qb6 13.Qh4 Qxb2 14.Na4 Qd4 15.
Rab1 Qxa4 16.Rxb7 dxe4 17.Bxe4 Rd8 18.Bf3 Rd4 19.Rb8+ Kd7 20.Qxd4+ Qxd4 
21.Rxh8 Nd5 22.Bxe7 Kxe7 23.Rxh5 Qc4 24.Rhe5 Qxa2 25.Bxd5 cxd5 26.R5e2 a5 
27.c3 Qc4 28.Rc2 d4 29.g3 a4 30.Ra1 Qb3 31.Rca2 dxc3 32.Rxa4 c2 33.Ra7+ 
Kd6 34.Rf1 Qb2 35.Raa1 e5 36.h4 e4 37.Rac1 Qc3 38.Rce1 Kd5 39.Rc1 f5 40.
Ra1 Ke5 41.Rfe1 Kf6 42.Rec1 Qc4 43.Kg2 f4 44.gxf4 Qc3 45.Kg1 Qd2 46.Rf1 
Kf5 47.Rae1 Kxf4 48.Kg2 Qd3 49.Kh2 Qd8 50.Kh3 Qd7+ 51.Kh2 Qg4 52.h5 Qxh5+ 
53.Kg2 Qf3+ 54.Kh2 g5 55.Kg1 Qh3 56.Ra1 Qg4+ 57.Kh2 Qe2 58.Kg1 e3 59.Kg2 
Qg4+ 60.Kh2 e2 61.Rg1 Qh5+ 62.Kg2 Qf3+ 63.Kh2 Qxf2+ 0-1

[Event "POL-ch"]
[Site "Poznan POL"]
[Date "2016.04.03"]
[Round "5.4"]
[White "Tomczak, Jacek"]
[Black "Kanarek, Marcel"]
[Result "1/2-1/2"]
[WhiteElo "2603"]
[BlackElo "2532"]
[EventDate "2016.03.30"]
[PlyCount "125"]

1.e4 c5 2.Nf3 Nc6 3.d4 cxd4 4.Nxd4 e5 5.Nb5 d6 6.N1c3 a6 7.Na3 Be7 8.Nc4 
b5 9.Ne3 Nf6 10.Bd3 O-O 11.O-O Nb4 12.Be2 Be6 13.a3 Nc6 14.Bd3 Qc8 15.Bd2 
Bd8 16.Ncd5 Bxd5 17.exd5 Ne7 18.a4 e4 19.Be2 Nfxd5 20.Nxd5 Nxd5 21.Bc1 Qb7
22.axb5 axb5 23.Rxa8 Qxa8 24.Bxb5 Nc7 25.Bc4 Qc6 26.Bb3 Bf6 27.Bf4 Rd8 28.
c3 Qb7 29.f3 Ne6 30.Bc1 d5 31.Bc2 Qb6+ 32.Kh1 e3 33.Qd3 d4 34.cxd4 Bxd4 
35.Qxh7+ Kf8 36.Re1 Qc5 37.Bd3 Rc8 38.h3 Be5 39.Bxe3 Qxe3 40.Qh8+ Ke7 41.
Qh4+ Bf6 42.Qxf6+ Kxf6 43.Rxe3 Rb8 44.Bc4 Rxb2 45.Bxe6 fxe6 46.Kh2 g5 47.
Re4 e5 48.Kg3 Ra2 49.Rb4 Re2 50.Rb6+ Kf7 51.Rb5 Kf6 52.Rb6+ Kf7 53.Rb4 Kf6
54.Re4 Rb2 55.Rg4 Ra2 56.h4 gxh4+ 57.Kxh4 Ra8 58.Rg5 Ra1 59.Kh5 Rh1+ 60.
Kg4 Rg1 61.Kh4 Rh1+ 62.Kg4 Rg1 63.Kh4 1/2-1/2

[Event "POL-ch"]
[Site "Poznan POL"]
[Date "2016.04.03"]
[Round "5.5"]
[White "Gajewski, Grzegorz"]
[Black "Piorun, Kacper"]
[Result "0-1"]
[WhiteElo "2633"]
[BlackElo "2655"]
[EventDate "2016.03.30"]
[PlyCount "84"]

1.d4 Nf6 2.c4 g6 3.Nc3 d5 4.cxd5 Nxd5 5.e4 Nxc3 6.bxc3 Bg7 7.Nf3 c5 8.Be3 
Nc6 9.Qd2 Qa5 10.Rb1 a6 11.Rc1 cxd4 12.cxd4 Qxd2+ 13.Kxd2 f5 14.e5 Be6 15.
Bc4 Bxc4 16.Rxc4 O-O 17.Ke2 e6 18.Rb1 Rf7 19.Rb6 Rd7 20.g3 h6 21.Ne1 g5 
22.Nd3 Bf8 23.f4 g4 24.Rxb7 Nxd4+ 25.Bxd4 Rxb7 26.Rc6 Kf7 27.Bc5 Bxc5 28.
Nxc5 Rb2+ 29.Ke3 Re8 30.Rxa6 Re7 31.a4 Rxh2 32.Rb6 Rg2 33.Nb7 Rxg3+ 34.Ke2
Ra3 35.Nd8+ Kg8 36.Nxe6 Rxa4 37.Kf2 Rea7 38.Rb8+ Kf7 39.Nd8+ Kg6 40.Ne6 
R7a6 41.Nc5 Rxf4+ 42.Ke3 Ra3+ 0-1

[Event "POL-ch"]
[Site "Poznan POL"]
[Date "2016.04.04"]
[Round "6.1"]
[White "Tomczak, Jacek"]
[Black "Swiercz, Dariusz"]
[Result "0-1"]
[WhiteElo "2603"]
[BlackElo "2665"]
[EventDate "2016.03.30"]
[PlyCount "184"]

1.e4 c5 2.Nf3 d6 3.d4 cxd4 4.Nxd4 Nf6 5.Nc3 a6 6.Be3 e5 7.Nb3 Be6 8.f3 h5 
9.Qd2 Nbd7 10.Nd5 Bxd5 11.exd5 g6 12.Na5 Qc7 13.Be2 Bg7 14.O-O e4 15.c4 
exf3 16.gxf3 O-O 17.Rac1 Rfe8 18.b4 Rxe3 19.Qxe3 Re8 20.Qd2 Bh6 21.f4 Ne4 
22.Qe1 Ndf6 23.Nb3 b5 24.Kh1 Qd7 25.cxb5 Nxd5 26.Bf3 Nef6 27.Qf2 Qxb5 28.
Qd4 Re3 29.Bxd5 Qxd5+ 30.Qxd5 Nxd5 31.f5 Re2 32.Nd4 Re4 33.Rc8+ Kg7 34.
fxg6 Kxg6 35.Nf5 Bf4 36.Nxd6 Bxd6 37.Rc6 Re6 38.a3 Be5 39.Rxe6+ fxe6 40.
Rf8 Bb2 41.Ra8 Nc7 42.Ra7 Be5 43.a4 Kf5 44.a5 Bd6 45.b5 Nxb5 46.Rxa6 Bc5 
47.Ra8 e5 48.Rb8 Na7 49.Rh8 Kg4 50.Rg8+ Kf4 51.Rh8 Kg4 52.Rg8+ Kf3 53.Rh8 
e4 54.Rxh5 Bd4 55.Rf5+ Ke2 56.Kg2 e3 57.h4 Kd3 58.Rf1 e2 59.Rh1 Bc3 60.Kf2
Bxa5 61.h5 Nc6 62.h6 Ne5 63.h7 Ng6 64.Ra1 Bc3 65.Rc1 Kd2 66.Rh1 Bd4+ 67.
Kf3 e1=Q 68.Rxe1 Kxe1 69.h8=R Nxh8 70.Ke4 Bb2 71.Ke3 Ng6 72.Kd3 Ne5+ 73.
Ke3 Bc3 74.Ke4 Ke2 75.Kd5 Kd3 76.Kc5 Ke4 77.Kd6 Bb4+ 78.Ke6 Ng4 79.Kd7 Kd5
80.Kc7 Ne5 81.Kb6 Kc4 82.Kb7 Kb5 83.Kc7 Be7 84.Kb7 Bd6 85.Ka7 Kc6 86.Ka8 
Nc4 87.Ka7 Nb6 88.Ka6 Bb8 89.Ka5 Nd5 90.Ka4 Kc5 91.Kb3 Nb4 92.Kc3 Bf4 0-1

[Event "POL-ch"]
[Site "Poznan POL"]
[Date "2016.04.04"]
[Round "6.2"]
[White "Piorun, Kacper"]
[Black "Bartel, Mateusz"]
[Result "1/2-1/2"]
[WhiteElo "2655"]
[BlackElo "2625"]
[EventDate "2016.03.30"]
[PlyCount "94"]

1.e4 e5 2.Nf3 Nc6 3.Bc4 Nf6 4.Ng5 d5 5.exd5 Na5 6.Bb5+ c6 7.dxc6 bxc6 8.
Bd3 Nd5 9.h4 Nf4 10.Bf1 Qd5 11.Qf3 h6 12.Qxd5 cxd5 13.Nf3 e4 14.d3 Ne6 15.
dxe4 dxe4 16.Bb5+ Ke7 17.Ne5 Nd4 18.Ba4 Kf6 19.c3 Ne6 20.Ng4+ Kg6 21.h5+ 
Kh7 22.Bc2 f5 23.Ne5 Nb7 24.Ng6 Rg8 25.Be3 Nbc5 26.Nd2 Ba6 27.O-O-O Be2 
28.Rde1 Nd3+ 29.Bxd3 Bxd3 30.Nxf8+ Rgxf8 31.f4 Rac8 32.Nb3 Rfd8 33.g3 Rd5 
34.Rh2 a5 35.Na1 Kg8 36.Nc2 Rb5 37.Rf2 Kf7 38.Na3 Rb7 39.Nc2 Nc7 40.Nd4 
Nd5 41.Nxf5 Rxc3+ 42.bxc3 Rb1+ 43.Kd2 Rb2+ 44.Kd1 Nxe3+ 45.Rxe3 Rb1+ 46.
Kd2 Rb2+ 47.Ke1 Rb1+ 1/2-1/2

[Event "POL-ch"]
[Site "Poznan POL"]
[Date "2016.04.04"]
[Round "6.3"]
[White "Wojtaszek, Radoslaw"]
[Black "Dragun, Kamil"]
[Result "1-0"]
[WhiteElo "2713"]
[BlackElo "2594"]
[EventDate "2016.03.30"]
[PlyCount "133"]

1.Nf3 Nf6 2.c4 e6 3.Nc3 Bb4 4.Qc2 O-O 5.a3 Bxc3 6.Qxc3 b6 7.b4 Bb7 8.Bb2 
d6 9.e3 c5 10.Be2 a5 11.O-O Nbd7 12.Rfd1 axb4 13.axb4 Qc7 14.d4 Rxa1 15.
Rxa1 Ne4 16.Qb3 cxb4 17.Qxb4 Ra8 18.Rxa8+ Bxa8 19.Ne1 d5 20.Ba3 dxc4 21.
Bxc4 Nef6 22.Bb5 Qc8 23.f3 Bb7 24.e4 Ba6 25.Ba4 h6 26.Nc2 b5 27.Bb3 Nb6 
28.Qc5 Nfd7 29.Qxc8+ Bxc8 30.Ne3 Ba6 31.Bb4 Nb8 32.d5 exd5 33.Nxd5 Nc6 34.
Bc5 Nxd5 35.exd5 Ne5 36.Bc2 Bc8 37.Kf2 Nc4 38.g4 Bd7 39.h4 g6 40.Ke2 f5 
41.g5 hxg5 42.hxg5 Kf7 43.f4 Bc8 44.Kd3 Bb7 45.Kd4 Ke8 46.Bd3 Kf7 47.Be2 
Ba8 48.Bb4 Nb6 49.Bf3 Nd7 50.Ba5 Bb7 51.Be2 Ba6 52.Bc7 Ke8 53.Bd6 Kf7 54.
Bf3 Bb7 55.Bc7 Ke8 56.Ba5 Kf7 57.Kc3 Nc5 58.Bb4 Nd7 59.Kd4 Ke8 60.Be2 Ba6 
61.d6 Kf7 62.Bf3 Nf8 63.Bd5+ Ne6+ 64.Ke5 Bc8 65.d7 Bxd7 66.Kd6 Bc8 67.Bb3 
1-0

[Event "POL-ch"]
[Site "Poznan POL"]
[Date "2016.04.04"]
[Round "6.5"]
[White "Klekowski, Maciej"]
[Black "Gajewski, Grzegorz"]
[Result "1/2-1/2"]
[WhiteElo "2432"]
[BlackElo "2633"]
[EventDate "2016.03.30"]
[PlyCount "40"]

1.Nf3 d5 2.d4 Nf6 3.c4 e6 4.Nc3 Bb4 5.Qb3 c5 6.dxc5 Nc6 7.Bg5 Qa5 8.Bxf6 
dxc4 9.Qxc4 gxf6 10.Rc1 Qxc5 11.Qh4 Ke7 12.g3 Bxc3+ 13.bxc3 b6 14.Bg2 Bb7 
15.Nd2 Na5 16.Bxb7 Nxb7 17.O-O Qg5 18.Qb4+ Qc5 19.Qh4 Qg5 20.Qb4+ Qc5 
1/2-1/2

[Event "POL-ch"]
[Site "Poznan POL"]
[Date "2016.04.05"]
[Round "7.1"]
[White "Dragun, Kamil"]
[Black "Piorun, Kacper"]
[Result "1/2-1/2"]
[WhiteElo "2594"]
[BlackElo "2655"]
[EventDate "2016.03.30"]
[PlyCount "131"]

1.e4 e5 2.Nf3 Nc6 3.Bb5 a6 4.Ba4 Nf6 5.O-O Be7 6.Re1 b5 7.Bb3 d6 8.c3 O-O 
9.h3 Nb8 10.d4 Nbd7 11.Nbd2 Bb7 12.Bc2 Re8 13.Nf1 Bf8 14.Ng3 g6 15.b3 Bg7 
16.d5 Rc8 17.c4 c6 18.Be3 Nb6 19.Nd2 cxd5 20.cxd5 Nbxd5 21.exd5 Nxd5 22.
Ndf1 Nxe3 23.fxe3 e4 24.Rc1 b4 25.Ne2 Qb6 26.Bb1 Rxc1 27.Qxc1 Be5 28.Qd2 
f5 29.Kh1 a5 30.Rd1 d5 31.Nfg3 Qd6 32.Qe1 Rf8 33.Qf2 Qf6 34.Nd4 g5 35.Rf1 
f4 36.Nge2 Qh6 37.Ng1 Bc8 38.Qd2 f3 39.Ndxf3 exf3 40.Qxd5+ Qe6 41.Qxe6+ 
Bxe6 42.Nxf3 h6 43.Bd3 Bc3 44.Kg1 Rd8 45.Rd1 Kf8 46.Kf2 Ke7 47.Ke2 a4 48.
Nd2 a3 49.Ne4 Bb2 50.Nc5 Bf7 51.g4 Rd6 52.Bb1 Rxd1 53.Kxd1 Kd6 54.Ne4+ Ke5
55.Nf2 Bc3 56.Bc2 Bd5 57.Ke2 Bf7 58.Nd3+ Kd5 59.Nf2 Ke5 60.Nh1 Bd5 61.Ng3 
Be6 62.Kf2 Bb2 63.Nh5 Bf7 64.Ng3 Be6 65.Ne2 Bd5 66.Ng3 1/2-1/2